000 00570nam a2200181Ia 4500
008 151018s9999 xx 000 0 und d
082 _bRBASDV7030
_a891.463
100 _aसुमती क्षेत्रमाडे
245 _aमणीदीप
250 _b2
260 _bवोरा अड कंपनी
_c1970
300 _a77
600 _aसुमती क्षेत्रमाडे
630 _aमणीदीप
700 _aसुमती क्षेत्रमाडे
730 _aमणीदीप
942 _cBOOK
999 _c1009399
_d1009396